Cielo de invierno / (Record no. 180304)

MARC details
000 -CABECERA
campo de control de longitud fija 00514nam a2200193 u 4500
005 - FECHA Y HORA DE LA ÚLTIMA TRANSACCIÓN
campo de control 20231101063748.0
008 - ELEMENTOS DE LONGITUD FIJA--INFORMACIÓN GENERAL
campo de control de longitud fija 160216s1999 r 000 0 eng d
020 ## - NÚMERO INTERNACIONAL NORMALIZADO PARA LIBROS
Número Internacional Estándar del Libro 9684933592
035 ## - NÚMERO DE CONTROL DEL SISTEMA
Número de control de sistema UPN01000208203
049 ## - COLECCIÓN
Colección CG
050 #4 - SIGNATURA TOPOGRÁFICA DE LA BIBLIOTECA DEL CONGRESO
Número de clasificación PQ7298.17 O5.91
Número de documento/Ítem C5.3
100 1# - ASIENTO PRINCIPAL--NOMBRE PERSONAL
Nombre de persona González de Alba, Luis
9 (RLIN) 38591
245 10 - MENCIÓN DE TÍTULO
Título Cielo de invierno /
Mención de responsabilidad, etc. Luis González de Alba.
260 ## - PUBLICACIÓN, DISTRIBUCIÓN, ETC.
Lugar de publicación, distribución, etc. México :
Nombre del editor, distribuidor, etc. Cal y arena,
Fecha de publicación, distribución, etc. 1999.
300 ## - DESCRIPCIÓN FÍSICA
Extensión 253 p.
650 #4 - ASIENTO SECUNDARIO DE MATERIA - TERMINO TEMATICO
Término de materia o nombre geográfico como elemento de entrada Amor
Subdivisión de forma Novela
9 (RLIN) 397
905 ## - TIPO DE MATERIAL
Tipo de material Libro
Holdings
Estado de retiro Estado de pérdida Fuente del sistema de clasificación o colocación Estado dañado No para préstamo Código de colección Localización permanente Ubicación/localización actual Ubicación en estantería Total de préstamos Clasificación Código de barras Fecha visto por última vez Número de copia Tipo de ítem Koha
    Library of Congress Classification     Colección General Bib. Gregorio Torres Quintero Bib. Gregorio Torres Quintero Planta baja 4 PQ7298.17 O5.91 C5.3 308792 31/12/2020 1 Libro
    Library of Congress Classification     Colección General Bib. Gregorio Torres Quintero Bib. Gregorio Torres Quintero Planta baja 2 PQ7298.17 O5.91 C5.3 308791 31/12/2020 1 Libro